[Event "CZE-chT2B 1314"]
[Site "Czech Republic"]
[Date "2013.12.01"]
[Round "3.4"]
[White "Chura, Jan"]
[Black "Netusil, Miloslav"]
[Result "1/2-1/2"]
[WhiteElo "2191"]
[BlackElo "2284"]
[PlyCount "111"]
[EventDate "2013.11.03"]
[EventType "team-tourn"]
[EventRounds "11"]
[EventCountry "CZE"]
[SourceTitle "EXT 2015"]
[Source "ChessBase"]
[SourceDate "2014.11.20"]
[SourceVersion "1"]
[SourceVersionDate "2014.11.20"]
[SourceQuality "1"]
[WhiteTeam "Praha Bohemians II"]
[BlackTeam "Vysehrad"]
[WhiteTeamCountry "CZE"]
[BlackTeamCountry "CZE"]

1. e4 e6 2. d4 d5 3. Nc3 Be7 4. Qg4 Kf8 5. e5 c5 6. Nf3 b6 7. h4 Ba6 8. Rh3 h5 9. Qf4 Bxf1 10. Kxf1 Nh6 11. Ne2 Nc6 12. c3 Rc8 13. Ng5 Kg8 14. Qf3 g6 15. a3 Qd7 16. Qd3 Kg7 17. Nf4 Bxg5 18. hxg5 Nf5 19. Be3 cxd4 20. cxd4 Nce7 21. Bd2 Qa4 22. Ne2 Qc4 23. Rc1 Qxd3 24. Rxd3 Rxc1+ 25. Bxc1 Rc8 26. Bd2 Kf8 27. Rc3 Rxc3 28. Bxc3 Ke8 29. Ke1 Kd7 30. Kd2 Kc6 31. b3 b5 32. Bb4 Kd7 33. Bxe7 Nxe7 34. Kc3 Kc6 35. b4 Nf5 36. Nf4 Kb6 37. Nd3 a5 38. Nc5 axb4+ 39. axb4 Nh4 40. g4 hxg4 41. Nd7+ Kc6 42. Nf6 Nf3 43. Nh7 Kd7 44. Kd3 Ke7 45. Ke3 Nh4 46. Kd3 Nf5 47. Nf6 g3 48. fxg3 Nxg3 49. Nh7 Ne4 50. Kc2 Ng3 51. Kd3 Nf5 52. Nf6 Kd8 53. Ng4 Ne7 54. Kc3 Nc6 55. Nf2 Nb8 56. Nd3 1/2-1/2

[Event "CZE-chT2B 1314"]
[Site "Czech Republic"]
[Date "2013.11.17"]
[Round "2.3"]
[White "Chura, Jan"]
[Black "Volfl, Zdenek"]
[Result "1/2-1/2"]
[WhiteElo "2191"]
[BlackElo "2166"]
[PlyCount "83"]
[EventDate "2013.11.03"]
[EventType "team-tourn"]
[EventRounds "11"]
[EventCountry "CZE"]
[SourceTitle "EXT 2015"]
[Source "ChessBase"]
[SourceDate "2014.11.20"]
[SourceVersion "1"]
[SourceVersionDate "2014.11.20"]
[SourceQuality "1"]
[WhiteTeam "Praha Bohemians II"]
[BlackTeam "Novoborsky III"]
[WhiteTeamCountry "CZE"]
[BlackTeamCountry "CZE"]

1. e4 c5 2. Nf3 e6 3. d4 cxd4 4. Nxd4 a6 5. a4 Nf6 6. Nc3 Qc7 7. Be2 Nc6 8. Nb3 Be7 9. a5 Bb4 10. Ra4 d5 11. exd5 Nxd5 12. Bd2 Nxc3 13. Bxc3 Bxc3+ 14. bxc3 0-0 15. 0-0 e5 16. Bd3 f5 17. f4 e4 18. Bc4+ Kh8 19. Qe2 Bd7 20. Nc5 Rad8 21. Rb1 Bc8 22. Be6 Nxa5 23. Qf2 b5 24. Raa1 Rf6 25. Bxc8 Rxc8 26. Rd1 h6 27. Nd7 Rc6 28. Ne5 Rf6 29. Rd7 Qxc3 30. Rad1 Nc4 31. Re7 Ne3 32. Qg3 Ng4 33. Qxc3 Rxc3 34. Rd8+ Kh7 35. Rdd7 Nxe5 36. Rxg7+ Kh8 37. fxe5 Re6 38. Rh7+ Kg8 39. Rdg7+ Kf8 40. Rb7 Kg8 41. Rbg7+ Kf8 42. Rb7 1/2-1/2

[Event "CZE-chT2C 1213"]
[Site "Czech Republic"]
[Date "2013.02.17"]
[Round "9.2"]
[White "Vojta, Pavel"]
[Black "Chura, Jan"]
[Result "1-0"]
[WhiteElo "2217"]
[BlackElo "2222"]
[PlyCount "71"]
[EventDate "2012.10.14"]
[EventType "team-tourn"]
[EventRounds "11"]
[EventCountry "CZE"]
[SourceTitle "EXT 2015"]
[Source "ChessBase"]
[SourceDate "2014.11.20"]
[SourceVersion "1"]
[SourceVersionDate "2014.11.20"]
[SourceQuality "1"]
[WhiteTeam "Vlasim"]
[BlackTeam "Praha Bohemians II"]
[WhiteTeamCountry "CZE"]
[BlackTeamCountry "CZE"]

1. d4 d5 2. Nf3 Nf6 3. c4 c6 4. Nc3 dxc4 5. a4 Bf5 6. e3 e6 7. Bxc4 Nbd7 8. 0-0 Bd6 9. Bd3 Bg4 10. Be2 0-0 11. e4 Bxf3 12. Bxf3 e5 13. d5 Rc8 14. Be3 Bc5 15. Bxc5 Nxc5 16. b4 Ncd7 17. Qb3 a5 18. dxc6 Rxc6 19. Rfd1 axb4 20. Nd5 Nxd5 21. Qxd5 Rc7 22. Bg4 Qe7 23. Bxd7 Rd8 24. Rac1 Rxc1 25. Rxc1 b3 26. Qxb7 b2 27. Rd1 h6 28. Qxb2 Rxd7 29. Rxd7 Qxd7 30. Qa1 f6 31. a5 Qa7 32. a6 Kf7 33. Qa4 Ke7 34. Qc6 Kd8 35. Qd6+ Kc8 36. Qf8+ 1-0

[Event "CZE-chT2C 1213"]
[Site "Czech Republic"]
[Date "2012.10.14"]
[Round "1.3"]
[White "Cerny, Martin"]
[Black "Chura, Jan"]
[Result "1-0"]
[WhiteElo "2178"]
[BlackElo "2222"]
[PlyCount "51"]
[EventDate "2012.10.14"]
[EventType "team-tourn"]
[EventRounds "11"]
[EventCountry "CZE"]
[SourceTitle "EXT 2015"]
[Source "ChessBase"]
[SourceDate "2014.11.20"]
[SourceVersion "1"]
[SourceVersionDate "2014.11.20"]
[SourceQuality "1"]
[WhiteTeam "Ricany"]
[BlackTeam "Praha Bohemians II"]
[WhiteTeamCountry "CZE"]
[BlackTeamCountry "CZE"]

1. d4 d5 2. c4 c6 3. Nf3 Nf6 4. Nc3 dxc4 5. a4 Bf5 6. Ne5 Na6 7. f3 e6 8. e4 Bg6 9. Bxc4 Qa5 10. 0-0 Rd8 11. Be3 Bc5 12. Ne2 0-0 13. g4 Bd6 14. Qb3 Qb4 15. Nxg6 hxg6 16. e5 Nd5 17. Bxd5 cxd5 18. Qd3 Be7 19. f4 Rc8 20. f5 gxf5 21. gxf5 Qc4 22. Qxc4 Rxc4 23. f6 gxf6 24. exf6 Bd6 25. Rf3 Kh7 26. Kh1 1-0

[Event "CZE-chT2b 0607"]
[Site "Czech Republic"]
[Date "2007.01.14"]
[Round "6"]
[White "Chura, Jan"]
[Black "Kansky, Pavel"]
[Result "1-0"]
[WhiteElo "2235"]
[BlackElo "2185"]
[PlyCount "109"]
[EventDate "2006.10.15"]
[EventType "team"]
[EventRounds "11"]
[EventCountry "CZE"]
[SourceTitle "EXT 2009"]
[Source "ChessBase"]
[SourceDate "2008.11.26"]
[SourceVersion "1"]
[SourceVersionDate "2008.11.26"]
[SourceQuality "1"]

1. e4 g6 2. d4 Bg7 3. Nf3 d6 4. Nc3 Nf6 5. Be2 0-0 6. 0-0 c6 7. a4 b6 8. Bg5 Qc7 9. Qd2 e5 10. dxe5 dxe5 11. Rfd1 Ba6 12. Kf1 Bxe2+ 13. Kxe2 Na6 14. Qd6 Ne8 15. Qe7 Nc5 16. Qxc7 Nxc7 17. Be7 Rfe8 18. Bxc5 bxc5 19. Rd6 Ne6 20. Rxc6 Nd4+ 21. Nxd4 exd4 22. Nb5 Rxe4+ 23. Kd3 Re5 24. a5 Rf5 25. Rf1 Bf8 26. a6 Kg7 27. Rc7 Rf6 28. Ra1 Rxf2 29. Rxa7 Re8 30. Rb7 Re3+ 31. Kc4 Rxc2+ 32. Kd5 Rce2 33. a7 Re5+ 34. Kc4 Rxb2 35. a8Q Rb4+ 36. Kd3 Re3+ 37. Kc2 Re2+ 38. Kd3 Re3+ 39. Kd2 Rb2+ 40. Kc1 Rf2 41. Qa5 Ree2 42. Nc3 Rc2+ 43. Kb1 d3 44. Nd1 Rf1 45. Rb2 Rxd1+ 46. Ka2 Rxa1+ 47. Kxa1 Rc1+ 48. Ka2 Be7 49. Qd2 Rc4 50. Qxd3 Ra4+ 51. Kb1 Bf6 52. Rb7 Ra1+ 53. Kc2 Ra2+ 54. Kd1 Ra4 55. Rxf7+ 1-0

[Event "CZE-chT2b 0607"]
[Site "Czech Republic"]
[Date "2006.12.03"]
[Round "4"]
[White "Balin, Jan"]
[Black "Chura, Jan"]
[Result "1-0"]
[WhiteElo "2275"]
[BlackElo "2235"]
[PlyCount "73"]
[EventDate "2006.10.15"]
[EventType "team"]
[EventRounds "11"]
[EventCountry "CZE"]
[SourceTitle "EXT 2009"]
[Source "ChessBase"]
[SourceDate "2008.11.26"]
[SourceVersion "1"]
[SourceVersionDate "2008.11.26"]
[SourceQuality "1"]

1. d4 d5 2. c4 c6 3. Nf3 Nf6 4. g3 g6 5. Bg2 Bg7 6. 0-0 0-0 7. Nc3 Ne4 8. Bf4 Nxc3 9. bxc3 dxc4 10. a4 Qa5 11. Qc2 Nd7 12. Nd2 Nb6 13. Bc7 Be6 14. Rfb1 Rfc8 15. Bf4 Rd8 16. e4 Rd7 17. Be3 Rad8 18. Kh1 f5 19. Bh3 Kh8 20. Nf3 Bg8 21. Kg1 e6 22. Ne5 Bxe5 23. dxe5 Rd3 24. Bg5 Qxe5 25. Bxd8 Rxd8 26. a5 Nc8 27. Re1 f4 28. gxf4 Qxf4 29. Re3 e5 30. Rd1 Rf8 31. Rd7 b5 32. Qd2 a6 33. Rc7 Ne7 34. Bg2 Qg5 35. Qd6 Rf7 36. h4 Qf4 37. Rf3 1-0

[Event "CZE-chT2b 0607"]
[Site "Czech Republic"]
[Date "2006.11.05"]
[Round "2"]
[White "Jandourek, Lukas"]
[Black "Chura, Jan"]
[Result "1-0"]
[WhiteElo "2223"]
[BlackElo "2235"]
[PlyCount "73"]
[EventDate "2006.10.15"]
[EventType "team"]
[EventRounds "11"]
[EventCountry "CZE"]
[SourceTitle "EXT 2009"]
[Source "ChessBase"]
[SourceDate "2008.11.26"]
[SourceVersion "1"]
[SourceVersionDate "2008.11.26"]
[SourceQuality "1"]

1. e4 e5 2. Bc4 Nf6 3. d3 Bc5 4. Nf3 Nc6 5. 0-0 d6 6. c3 Bb6 7. Be3 0-0 8. Bb5 Ne7 9. Nbd2 Ng6 10. Re1 c6 11. Ba4 Ng4 12. d4 f5 13. Bg5 Qc7 14. exf5 Bxf5 15. h3 Nf6 16. dxe5 dxe5 17. Bc2 Nd5 18. Nc4 h6 19. Be3 Rad8 20. Bxf5 Rxf5 21. Nxb6 axb6 22. Qb3 Qf7 23. Bxb6 Rf8 24. Bc5 Rxf3 25. Bxf8 Ngf4 26. Qc2 Qf6 27. Qe4 Nxg2 28. Kxg2 Rxf2+ 29. Kg1 Rf4 30. Qxe5 Qg6+ 31. Kh1 Kxf8 32. Rg1 Qf7 33. Qb8+ Qe8 34. Qxe8+ Kxe8 35. Rxg7 b5 36. Re1+ Kf8 37. Rgg1 1-0

[Event "CZE-chT2b 0607"]
[Site "Czech Republic"]
[Date "2006.10.15"]
[Round "1"]
[White "Chura, Jan"]
[Black "Krejcik, Jiri"]
[Result "1-0"]
[WhiteElo "2235"]
[BlackElo "2117"]
[PlyCount "109"]
[EventDate "2006.10.15"]
[EventType "team"]
[EventRounds "11"]
[EventCountry "CZE"]
[SourceTitle "EXT 2009"]
[Source "ChessBase"]
[SourceDate "2008.11.26"]
[SourceVersion "1"]
[SourceVersionDate "2008.11.26"]
[SourceQuality "1"]

1. e4 e5 2. Nf3 Nc6 3. Bb5 a6 4. Ba4 Nf6 5. Bxc6 dxc6 6. d3 Bd6 7. Nbd2 c5 8. Nc4 Qe7 9. a4 h6 10. b3 b6 11. Bb2 Nd7 12. 0-0 Bb7 13. Qd2 0-0-0 14. Qc3 f5 15. Rfe1 fxe4 16. dxe4 Rhe8 17. Rad1 Nf6 18. Nfxe5 Nxe4 19. Qh3+ Kb8 20. f3 Bxe5 21. Nxe5 Rxd1 22. Rxd1 Nf6 23. Qg3 Kc8 24. h3 g5 25. h4 Nd5 26. Qg4+ Qe6 27. Qxe6+ Rxe6 28. hxg5 hxg5 29. Kf2 Re8 30. Rd2 Rg8 31. Kg3 Ne3 32. Re2 Nf5+ 33. Kg4 Nd6 34. Bc1 b5 35. axb5 axb5 36. Bxg5 Bd5 37. Kf4 Rf8+ 38. Ke3 Rf5 39. Bf4 Rf8 40. g4 c4 41. b4 Nf7 42. Rf2 Nxe5 43. Bxe5 Kd7 44. f4 Rg8 45. g5 c6 46. Kd4 Ke7 47. Bf6+ Kf7 48. f5 Re8 49. Be5 Rd8 50. g6+ Kg8 51. Rh2 Kf8 52. Ke3 Re8 53. Kf4 Ke7 54. Rh7+ Kd8 55. f6 1-0

[Event "CZE-chT2c 0506"]
[Site "Czech Republic"]
[Date "2006.02.26"]
[Round "8.4"]
[White "Chura, Jan"]
[Black "Novotny, Josef"]
[Result "1-0"]
[WhiteElo "2209"]
[BlackElo "2178"]
[PlyCount "49"]
[EventDate "2005.10.16"]
[EventType "team"]
[EventRounds "11"]
[EventCountry "CZE"]
[SourceTitle "EXT 2009"]
[Source "ChessBase"]
[SourceDate "2008.11.26"]
[SourceVersion "1"]
[SourceVersionDate "2008.11.26"]
[SourceQuality "1"]
[WhiteTeam "Bohemians II"]
[BlackTeam "Rychnov nad Kneznou"]
[WhiteTeamCountry "CZE"]
[BlackTeamCountry "CZE"]

1. e4 e6 2. d4 d6 3. Nf3 Nf6 4. Bd3 Be7 5. 0-0 c6 6. c4 Nbd7 7. e5 dxe5 8. dxe5 Ng4 9. Qe2 h5 10. Nc3 Qc7 11. Bf4 g5 12. Nxg5 Bxg5 13. Bxg5 Qxe5 14. f4 Qd4+ 15. Kh1 Nc5 16. Rad1 Bd7 17. Bf5 Qg7 18. b4 Qxc3 19. bxc5 Rg8 20. Rf3 Qa5 21. Rfd3 Rxg5 22. fxg5 0-0-0 23. Bxg4 hxg4 24. Qe5 Qxa2 25. Qf6 1-0

[Event "CZE-chT2c 0506"]
[Site "Czech Republic"]
[Date "2005.11.06"]
[Round "2.4"]
[White "Chura, Jan"]
[Black "Cechura, Petr"]
[Result "1/2-1/2"]
[WhiteElo "2209"]
[BlackElo "2128"]
[PlyCount "35"]
[EventDate "2005.10.16"]
[EventType "team"]
[EventRounds "11"]
[EventCountry "CZE"]
[SourceTitle "EXT 2009"]
[Source "ChessBase"]
[SourceDate "2008.11.26"]
[SourceVersion "1"]
[SourceVersionDate "2008.11.26"]
[SourceQuality "1"]
[WhiteTeam "Bohemians II"]
[BlackTeam "Nachod"]
[WhiteTeamCountry "CZE"]
[BlackTeamCountry "CZE"]

1. e4 c5 2. Nf3 d6 3. Nc3 Nf6 4. d4 cxd4 5. Nxd4 a6 6. Bc4 b5 7. Bb3 Bb7 8. 0-0 Nbd7 9. f3 e6 10. Be3 Nc5 11. Qe1 Be7 12. Rd1 Nxb3 13. Nxb3 Qc7 14. Qf2 Rc8 15. Rd2 0-0 16. Bb6 Qb8 17. Ba7 Qc7 18. Bb6 1/2-1/2

[Event "CZE-chT2V 0203"]
[Site "Czech Republic"]
[Date "2002.??.??"]
[Round "2"]
[White "Moravec, Michal"]
[Black "Chura, Jan"]
[Result "1-0"]
[WhiteElo "2289"]
[BlackElo "2188"]
[PlyCount "81"]
[EventDate "2002.10.??"]
[EventType "team"]
[EventRounds "11"]
[EventCountry "CZE"]
[SourceTitle "EXT 2007"]
[Source "ChessBase"]
[SourceDate "2006.11.23"]
[SourceVersion "1"]
[SourceVersionDate "2006.11.23"]
[SourceQuality "1"]
[WhiteTeam "Polabiny III"]
[BlackTeam "Bohemians II"]
[WhiteTeamCountry "CZE"]
[BlackTeamCountry "CZE"]

1. c4 e5 2. Nc3 Nf6 3. g3 Be7 4. Bg2 Nc6 5. e3 d6 6. d4 exd4 7. exd4 0-0 8. Nge2 Bg4 9. f3 Bf5 10. 0-0 d5 11. g4 Be6 12. g5 Nh5 13. f4 Na5 14. f5 Bc8 15. Bf3 Bxg5 16. Bxh5 Nxc4 17. Ng3 c6 18. Qe2 Bf6 19. Qf2 Qb6 20. Rd1 Re8 21. Bg4 Bh4 22. Be2 Nd6 23. Bd3 g6 24. fxg6 hxg6 25. Bf4 Nf5 26. Bf1 Bd7 27. Na4 Qb4 28. Nc5 Be6 29. Bc7 Bg5 30. Nxf5 Bxf5 31. a3 Qxc5 32. dxc5 Be3 33. Bd3 Bh3 34. Re1 Bxf2+ 35. Kxf2 Kg7 36. Kg3 Be6 37. Be5+ f6 38. Bd4 Bd7 39. Rf1 Re6 40. Rf4 Rf8 41. Rg4 1-0

[Event "CZE-chT2V 0203"]
[Site "Czech Republic"]
[Date "2002.??.??"]
[Round "2"]
[White "Prandstetter, Eduard"]
[Black "Chura, Jan"]
[Result "0-1"]
[WhiteElo "2365"]
[BlackElo "2188"]
[PlyCount "74"]
[EventDate "2002.10.??"]
[EventType "team"]
[EventRounds "11"]
[EventCountry "CZE"]
[SourceTitle "EXT 2007"]
[Source "ChessBase"]
[SourceDate "2006.11.23"]
[SourceVersion "1"]
[SourceVersionDate "2006.11.23"]
[SourceQuality "1"]
[WhiteTeam "AVE Kontakt"]
[BlackTeam "Bohemians II"]
[WhiteTeamCountry "CZE"]
[BlackTeamCountry "CZE"]

1. e4 e5 2. Nf3 Nc6 3. Bb5 a6 4. Ba4 Nf6 5. 0-0 Be7 6. Re1 b5 7. Bb3 0-0 8. c3 d6 9. h3 Bb7 10. d4 Re8 11. Nbd2 Bf8 12. a4 g6 13. Bc2 Bg7 14. d5 Ne7 15. Bd3 c6 16. dxc6 Bxc6 17. axb5 axb5 18. Rxa8 Qxa8 19. Qe2 Rb8 20. Nb1 Nd7 21. b4 d5 22. Nfd2 dxe4 23. Bxe4 Nd5 24. f3 f5 25. Bc2 N7b6 26. Nb3 Na4 27. Bd2 e4 28. fxe4 Ndxc3 29. Nxc3 Nxc3 30. Bxc3 Bxc3 31. Rc1 Re8 32. Qf1 fxe4 33. Bxe4 Rxe4 34. Rxc3 Qe8 35. Qf6 Re1+ 36. Kh2 Qb8+ 37. g3 Rh1# 0-1

[Event "CZE-chTV 0102"]
[Site "Czech Republic"]
[Date "2002.??.??"]
[Round "3"]
[White "Stursa, Jan"]
[Black "Chura, Jan"]
[Result "1-0"]
[WhiteElo "2244"]
[BlackElo "2207"]
[PlyCount "72"]
[EventDate "2001.??.??"]
[EventType "team"]
[EventRounds "11"]
[EventCountry "CZE"]
[SourceTitle "EXT 2003"]
[Source "ChessBase"]
[SourceDate "2002.11.25"]
[SourceVersion "1"]
[SourceVersionDate "2002.11.25"]
[SourceQuality "1"]
[WhiteTeam "Vrchlabi"]
[BlackTeam "Bohemians II"]
[WhiteTeamCountry "CZE"]
[BlackTeamCountry "CZE"]

1. e4 e5 2. Nc3 Nf6 3. g3 Bc5 4. Bg2 d6 5. Nge2 Nc6 6. h3 Be6 7. Na4 a6 8. Nxc5 dxc5 9. 0-0 c4 10. f4 Qd6 11. Kh2 Rd8 12. b3 0-0 13. bxc4 Bxc4 14. d3 Be6 15. Bb2 Rfe8 16. fxe5 Nxe5 17. Qc1 Nfd7 18. Nf4 f6 19. Nxe6 Qxe6 20. Rf5 c5 21. a4 b6 22. Qf1 Nc6 23. c3 Nde5 24. Rd1 Qb3 25. Qe2 Qxa4 26. Bf1 Rd7 27. g4 h6 28. h4 Qb3 29. d4 Nxg4+ 30. Qxg4 Qxb2+ 31. Kh3 Qxc3+ 32. Rf3 Qc2 33. Qxd7 Rxe4 34. Qxc6 Re7 35. Qd5+ Kf8 36. dxc5 bxc5 1-0

[Event "CZE-chTV 0102"]
[Site "Czech Republic"]
[Date "2002.??.??"]
[Round "2"]
[White "Vavra, Radim"]
[Black "Chura, Jan"]
[Result "0-1"]
[WhiteElo "2087"]
[BlackElo "2207"]
[PlyCount "54"]
[EventDate "2001.??.??"]
[EventType "team"]
[EventRounds "11"]
[EventCountry "CZE"]
[SourceTitle "EXT 2003"]
[Source "ChessBase"]
[SourceDate "2002.11.25"]
[SourceVersion "1"]
[SourceVersionDate "2002.11.25"]
[SourceQuality "1"]
[WhiteTeam "Infinity C"]
[BlackTeam "Bohemians II"]
[WhiteTeamCountry "CZE"]
[BlackTeamCountry "CZE"]

1. e4 e5 2. Nf3 Nc6 3. Bb5 a6 4. Ba4 Nf6 5. d3 b5 6. Bb3 Bc5 7. 0-0 d6 8. a4 Na5 9. Ba2 b4 10. Nbd2 0-0 11. c3 Re8 12. Re1 Rb8 13. Nc4 Nxc4 14. Bxc4 h6 15. a5 bxc3 16. bxc3 c6 17. Be3 Bxe3 18. Rxe3 d5 19. exd5 cxd5 20. Bb3 Qc7 21. d4 e4 22. Ne5 Be6 23. f3 exf3 24. Rxf3 Bg4 25. Bxd5 Bxf3 26. Qxf3 Rxe5 27. dxe5 Qc5+ 0-1

[Event "CZE-chTV 0102"]
[Site "Czech Republic"]
[Date "2001.??.??"]
[Round "1"]
[White "Chura, Jan"]
[Black "Kulhanek, Tomas"]
[Result "1-0"]
[WhiteElo "2207"]
[BlackElo "2400"]
[PlyCount "93"]
[EventDate "2001.??.??"]
[EventType "team"]
[EventRounds "11"]
[EventCountry "CZE"]
[SourceTitle "EXT 2003"]
[Source "ChessBase"]
[SourceDate "2002.11.25"]
[SourceVersion "1"]
[SourceVersionDate "2002.11.25"]
[SourceQuality "1"]
[WhiteTeam "Bohemians II"]
[BlackTeam "Rychnov nad Kneznou"]
[WhiteTeamCountry "CZE"]
[BlackTeamCountry "CZE"]

1. e4 c5 2. Nf3 d6 3. d4 cxd4 4. Nxd4 Nf6 5. Nc3 g6 6. Be3 Bg7 7. Be2 Nc6 8. 0-0 0-0 9. Qd2 Bd7 10. Nb3 Rc8 11. Bh6 Bxh6 12. Qxh6 Ne5 13. Qe3 a6 14. Rad1 b5 15. f4 Neg4 16. Qd4 e5 17. Qxd6 Re8 18. fxe5 Re6 19. Qd4 Nxe5 20. Nc5 Rxc5 21. Qxc5 Qb8 22. Qf2 b4 23. Nd5 Nxe4 24. Qd4 Nc6 25. Qb6 Qe5 26. Nf4 Re7 27. Nd3 Qg5 28. Bf3 h5 29. Nf2 Nxf2 30. Rxf2 Ne5 31. Bd5 Bb5 32. Qf6 Qe3 33. Kh1 Qc5 34. Bxf7+ Nxf7 35. Qxg6+ Kf8 36. Rf5 Qc7 37. Qxh5 Ke8 38. Qg6 Kf8 39. Qh7 Re2 40. Qh8+ Ke7 41. Qf6+ Ke8 42. Qg7 Bc4 43. Rdf1 Qe7 44. Qg8+ Kd7 45. Qg4 Nh6 46. Rd5+ Ke8 47. Qc8+ 1-0

[Event "CZE-chTV 0102"]
[Site "Czech Republic"]
[Date "2001.??.??"]
[Round "2"]
[White "Chura, Jan"]
[Black "Taborsky, Rostislav"]
[Result "0-1"]
[WhiteElo "2207"]
[BlackElo "2229"]
[PlyCount "86"]
[EventDate "2001.??.??"]
[EventType "team"]
[EventRounds "11"]
[EventCountry "CZE"]
[SourceTitle "EXT 2003"]
[Source "ChessBase"]
[SourceDate "2002.11.25"]
[SourceVersion "1"]
[SourceVersionDate "2002.11.25"]
[SourceQuality "1"]
[WhiteTeam "Bohemians II"]
[BlackTeam "Zizkov"]
[WhiteTeamCountry "CZE"]
[BlackTeamCountry "CZE"]

1. e4 e6 2. d4 d5 3. Nc3 Bb4 4. e5 c5 5. a3 Bxc3+ 6. bxc3 Ne7 7. a4 Nbc6 8. Nf3 Qc7 9. Ba3 cxd4 10. cxd4 Qa5+ 11. Qd2 Qxd2+ 12. Kxd2 Na5 13. Bb4 Nec6 14. Bb5 Bd7 15. Bxc6 Nc4+ 16. Kc3 Bxc6 17. Nd2 Rc8 18. Nxc4 dxc4 19. a5 Bd5 20. Bc5 Ra8 21. Rhb1 g5 22. Rb4 Kd7 23. Rab1 Kc7 24. Bd6+ Kc8 25. Rb5 b6 26. axb6 axb6 27. Rxb6 Kd7 28. f3 h5 29. Rb7+ Bxb7 30. Rxb7+ Kc6 31. Rxf7 g4 32. Rc7+ Kb5 33. f4 Rhc8 34. Rb7+ Kc6 35. Rh7 Kd5 36. Rxh5 Rh8 37. Rg5 Rag8 38. h4 gxh3 39. gxh3 Rxh3+ 40. Kb4 Rxg5 41. fxg5 Kxd4 42. Be7 Rg3 43. Bf6 Rc3 0-1

[Event "CZE-chT2a 0001"]
[Site "Czech Republic"]
[Date "2000.??.??"]
[Round "5"]
[White "Korenek, Petr"]
[Black "Chura, Jan"]
[Result "1/2-1/2"]
[WhiteElo "2200"]
[BlackElo "2240"]
[PlyCount "82"]
[EventDate "2000.??.??"]
[EventType "team"]
[EventRounds "11"]
[EventCountry "CZE"]
[SourceTitle "EXT 2003"]
[Source "ChessBase"]
[SourceDate "2002.11.25"]
[SourceVersion "1"]
[SourceVersionDate "2002.11.25"]
[SourceQuality "1"]

1. e4 e5 2. Nf3 Nc6 3. Bb5 a6 4. Bxc6 dxc6 5. Nc3 Qd6 6. d4 exd4 7. Qxd4 Bg4 8. Be3 Nf6 9. 0-0-0 Nh5 10. Qc4 Qe6 11. Qxe6+ fxe6 12. Ne2 Bxf3 13. gxf3 Bd6 14. Ng3 Nf6 15. h3 Rf8 16. f4 Ng8 17. f5 Bxg3 18. fxg3 exf5 19. exf5 Rxf5 20. Rhe1 Re5 21. Bf4 Rxe1 22. Rxe1+ Kd7 23. Rd1+ Ke6 24. Bxc7 Nf6 25. g4 Re8 26. c4 Ne4 27. Bb6 Ng5 28. Rd3 Kf7 29. h4 Ne4 30. Rf3+ Kg6 31. Be3 h5 32. gxh5+ Kxh5 33. Bd4 Re7 34. Rf4 g5 35. hxg5 Kxg5 36. Rf8 Rd7 37. Rg8+ Kf5 38. Rf8+ Kg4 39. Rg8+ Kf3 40. Rf8+ Ke2 41. Bb6 Kd3 1/2-1/2

[Event "Ostrava op"]
[Site "Ostrava"]
[Date "1997.??.??"]
[Round "?"]
[White "Chura, Jan"]
[Black "Kozdon, Petr"]
[Result "1-0"]
[WhiteElo "2185"]
[BlackElo "2010"]
[PlyCount "39"]
[EventDate "1997.??.??"]
[EventType "swiss"]
[EventRounds "9"]
[EventCountry "CZE"]
[SourceTitle "EXT 1999"]
[Source "ChessBase"]
[SourceDate "1998.11.16"]
[SourceVersion "1"]
[SourceVersionDate "1998.11.16"]
[SourceQuality "1"]

1. e4 c6 2. d4 d5 3. exd5 cxd5 4. c4 Nf6 5. Nc3 e6 6. Nf3 Be7 7. cxd5 Nxd5 8. Bd3 Nc6 9. 0-0 0-0 10. Re1 h6 11. a3 Bf6 12. Bc2 Nde7 13. Be3 b6 14. h4 h5 15. Ne4 Nf5 16. Nxf6+ Qxf6 17. Bg5 Qg6 18. Be4 e5 19. Rc1 Ncxd4 20. Nxe5 1-0

[Event "Ostrava op"]
[Site "Ostrava"]
[Date "1997.??.??"]
[Round "?"]
[White "Hradil, L."]
[Black "Chura, Jan"]
[Result "0-1"]
[WhiteElo "1910"]
[BlackElo "2215"]
[PlyCount "72"]
[EventDate "1997.??.??"]
[EventType "swiss"]
[EventRounds "9"]
[EventCountry "CZE"]
[SourceTitle "EXT 1999"]
[Source "ChessBase"]
[SourceDate "1998.11.16"]
[SourceVersion "1"]
[SourceVersionDate "1998.11.16"]
[SourceQuality "1"]

1. e4 e5 2. Nf3 Nc6 3. c3 d6 4. d4 Nf6 5. Bb5 Bd7 6. Qe2 Be7 7. Nbd2 exd4 8. cxd4 0-0 9. 0-0 Re8 10. Re1 Nb4 11. Bxd7 Qxd7 12. Nb3 d5 13. e5 Ne4 14. Be3 Qa4 15. Nbd2 Rac8 16. a3 Na6 17. b4 Nxd2 18. Qxd2 c6 19. Qd3 Nc7 20. Rad1 a5 21. bxa5 Qxa5 22. Ra1 Qa4 23. Reb1 Nb5 24. Qb3 Ra8 25. Bc1 Ra6 26. Qxa4 Rxa4 27. Kf1 Rea8 28. Rb3 Kf8 29. Ke2 Rxd4 30. Bb2 Rda4 31. Kd3 Bc5 32. e6 f6 33. Ke2 Ke7 34. Ne1 Bxa3 35. Bxa3+ Rxa3 36. Raxa3 Rxa3 0-1

[Event "Zlin op"]
[Site "Zlin"]
[Date "1996.??.??"]
[Round "5"]
[White "Chura, Jan"]
[Black "Lechtynsky, Jiri"]
[Result "0-1"]
[WhiteElo "2215"]
[BlackElo "2425"]
[PlyCount "74"]
[EventDate "1996.??.??"]
[EventType "swiss"]
[EventRounds "9"]
[EventCountry "CZE"]
[SourceTitle "EXT 1999"]
[Source "ChessBase"]
[SourceDate "1998.11.16"]
[SourceVersion "1"]
[SourceVersionDate "1998.11.16"]
[SourceQuality "1"]

1. e4 c6 2. d4 d5 3. exd5 cxd5 4. Nf3 Nf6 5. Bd3 Bg4 6. 0-0 Nc6 7. c3 a6 8. Re1 e6 9. Nbd2 Be7 10. Nf1 0-0 11. Ng3 b5 12. a3 g6 13. h3 Bxf3 14. Qxf3 Ne8 15. Bh6 Ng7 16. Qg4 Bf6 17. f4 Ne7 18. Re3 Rb8 19. Bg5 Nc6 20. h4 Re8 21. Bxf6 Qxf6 22. h5 Ne7 23. h6 Nef5 24. Nxf5 Nxf5 25. Bxf5 exf5 26. Qe2 Re4 27. Rxe4 fxe4 28. Qg4 Qe7 29. f5 Re8 30. Re1 Qf6 31. Re3 Kf8 32. fxg6 hxg6 33. Rh3 Kg8 34. Qd7 Qe6 35. Qc7 Kh7 36. Kf2 e3+ 37. Ke2 Qg4+ 0-1

[Event "CZE-chT2c 9596"]
[Site "Czech Republic"]
[Date "1996.??.??"]
[Round "1"]
[White "Markovic, Milan2222"]
[Black "Chura, Jan"]
[Result "1-0"]
[WhiteElo "2165"]
[BlackElo "2220"]
[PlyCount "47"]
[EventDate "1995.??.??"]
[EventType "team"]
[EventRounds "11"]
[EventCountry "CZE"]
[SourceTitle "EXT 2000"]
[Source "ChessBase"]
[SourceDate "1999.11.16"]
[SourceVersion "1"]
[SourceVersionDate "1999.11.16"]
[SourceQuality "1"]

1. e4 e5 2. Nc3 Nf6 3. Bc4 Bc5 4. d3 d6 5. f4 Ng4 6. f5 Nf2 7. Qh5 Qd7 8. Be6 Qe7 9. Nd5 Qf8 10. Bxc8 c6 11. Bxb7 cxd5 12. Bxd5 Na6 13. Bxa8 Nb4 14. Qe2 Nxh1 15. Nh3 Kd7 16. a3 Nxc2+ 17. Qxc2 Qxa8 18. Qc4 f6 19. Qf7+ Kc6 20. Qd5+ Kb6 21. Qxa8 Rxa8 22. Ke2 g5 23. fxg6 hxg6 24. Bd2 1-0